Folk-lore o Cancionero salmantino (Record no. 90222)

MARC details
000 -LEADER
campo de control de longitud fija 01211ncm a2200289 i 4500
001 - NÚMERO DE CONTROL
campo de control 90222
003 - IDENTIFICADOR DE NÚMERO DE CONTROL
campo de control ES-MaACL
005 - FECHA Y HORA DE LA ÚLTIMA TRANSACCIÓN
campo de control 20250726220146.0
007 - CAMPO FIJO DE DESCRIPCIÓN FÍSICA--INFORMACIÓN GENERAL
campo de control de longitud fija qu
008 - DATOS DE LONGITUD FIJA--INFORMACIÓN GENERAL
campo de control de longitud fija 050119s1907 sp ||| |||||||| | spa d
245 00 - MENCIÓN DEL TÍTULO
Título Folk-lore o Cancionero salmantino
Medio [Música impresa] /
Mención de responsabilidad, etc. por Dámaso Ledesma ; [preámbulo de Tomás Bretón].
246 30 - FORMA VARIANTE DEL TITULO
Título propio/Titulo breve Cancionero salmantino
260 ## - PUBLICACIÓN, DISTRIBUCIÓN, ETC.
Lugar de publicación, distribución, etc. Madrid :
Nombre del editor, distribuidor, etc. [s.n.],
Fecha de publicación, distribución, etc. 1907 (
Fabricante Imp. Alemana)
300 ## - DESCRIPCIÓN FÍSICA
Extensión 1 partitura abreviada (261 p.) :
Otras características físicas il. ;
Dimensiones 32 cm.
500 ## - NOTA GENERAL
Nota general Obra premiada por la Real Academia de Bellas Artes de San Fernando.
500 ## - NOTA GENERAL
Nota general Ded.: "A la Excelentísima Diputación de Salamanca, ilustre mecenas del arte popular salmantino"
500 ## - NOTA GENERAL
Nota general Portada ilustrada en color con el escudo de Salamanca: "G. de Federico"
530 ## - NOTA DISPONIBLE DE FORMULARIO FÍSICO ADICIONAL
Nota de formato físico adicional disponible Disponible en formato digital.
650 #4 - PUNTO DE ACCESO ADICIONAL DE MATERIA--TÉRMINO DE MATERIA
Término de materia o nombre geográfico como elemento de entrada Canciones con piano.
9 (RLIN) 141417
650 #4 - PUNTO DE ACCESO ADICIONAL DE MATERIA--TÉRMINO DE MATERIA
Término de materia o nombre geográfico como elemento de entrada Canciones populares-
Subdivisión geográfica Salamanca (Provincia)
9 (RLIN) 166643
700 1# - ENTRADA AGREGADA--NOMBRE PERSONAL
Nombre de persona Ledesma, Dámaso.
9 (RLIN) 71143
700 1# - ENTRADA AGREGADA--NOMBRE PERSONAL
Nombre de persona Bretón, Tomás,
Fechas asociadas al nombre 1850-1923
9 (RLIN) 31633
852 ## - LOCALIZACIÓN
Ubicación ES-MaACL
Número de control de estantería D-28
856 ## - LOCALIZACIÓN Y ACCESO ELECTRÓNICOS
Identificador Uniforme de Recursos <a href="http://bdh-rd.bne.es/viewer.vm?id=0000109243&page=1 ">http://bdh-rd.bne.es/viewer.vm?id=0000109243&page=1 </a>
Nota pública Biblioteca Digital Hispánica
942 ## - ELEMENTOS DE ENTRADA SECUNDARIOS (KOHA)
Fuente del sistema de clasificación o colocación Clasificación decimal universal
Holdings
Estatus retirado Estado de pérdida Estado de daño No para préstamo Colección Biblioteca de origen Biblioteca actual Ubicación en estantería Fecha de adquisición Fuente de adquisición Total de préstamos Signatura topográfica completa Código de barras Visto por última vez Precio de reemplazo Tipo de ítem Koha
        Colección digital Biblioteca del Ateneo de Madrid Biblioteca del Ateneo de Madrid Sala Valle Inclán 17/01/2008     D-28 901094215 23/02/2023 23/02/2023 Partitura